Recuerdos de viaje por Francia y Bélgica

Guardat en:
Dades bibliogràfiques
Autor principal: Mesonero Romanos, Ramón de
Format: Llibre
Idioma:Undetermined
Publicat: Madrid, España Polifermo 1881
Matèries:
Etiquetes: Afegir etiqueta
Sense etiquetes, Sigues el primer a etiquetar aquest registre!

MARC

LEADER 00000nam a2200000Ia 4500
008 170316s9999 xx 000 0 und d
040 |a cru BVZT 
090 |a 862 M-39r 
100 |a Mesonero Romanos, Ramón de 
245 |a Recuerdos de viaje por Francia y Bélgica 
260 |a Madrid, España 
260 |b Polifermo 
260 |c 1881 
300 |a 290 páginas 
650 |a LITERATURA ESPAÑOLA 
942 |c 15 D 
999 |c 10157  |d 10157